000 00354nam a2200145 a 4500
082 0 0 _a297.1227 BEL
100 _aBell, Richard
245 _aIntroduction to the Quran
260 _aEdinburgh
_bEdinburgh University
_c1963
300 _a190p
500 _aincludes index and biblioraphy
505 2 _aIndex
650 _aQuran-Critical Study
942 _cBK
999 _c2354
_d2354